[Event "Campeonato de Aragón por Equipos 2008 "]
[Site "Aragón"]
[Date "2008.03.01"]
[Round "5.18"]
[White "Gimenez Martinez Alberto"]
[Black "Remiro Juste Fernando Jose"]
[Result "1-0"]
[WhiteElo "2097"]
[BlackElo "2335"]

1.e4 g6 2.d4 Bg7 3.Nc3 d6 4.f4 a6 5.Nf3 b5 6.a4 b4 7.Na2 a5 8.c3 Bb7 9.Bd3
bxc3 10.bxc3 Nf6 11.Qe2 O-O 12.O-O Qc8 13.e5 Nd5 14.c4 Nb4 15.Nxb4 axb4 16.Bd2
c5 17.d5 e6 18.dxe6 fxe6 19.Ng5 Rf5 20.Bxf5 exf5 21.Rad1 dxe5 22.fxe5 Nc6 23.
Nf3 Rxa4 24.Bg5 Qe8 25.Rfe1 b3 26.Qd3 Nxe5 27.Nxe5 Bxe5 28.Rxe5 1-0

[Event "Campeonato de Aragón por Equipos 2008 "]
[Site "Aragón"]
[Date "2008.03.01"]
[Round "5.19"]
[White "Ramon Perez Jose Luis"]
[Black "Cebollada Pacheco Jesus Raul"]
[Result "1-0"]
[WhiteElo "2327"]
[BlackElo "2002"]

1.c4 c5 2.g3 g6 3.Bg2 Nc6 4.Nf3 Bg7 5.O-O d6 6.Nc3 Nf6 7.d4 cxd4 8.Nxd4 Nxd4
9.Qxd4 O-O 10.Rd1 Nd7 11.Qh4 Re8 12.Bg5 Nc5 13.Nd5 Bf8 14.Bh6 Bxh6 15.Qxh6 a5
16.Rd4 e6 17.Nc3 Qe7 18.Rad1 Ra6 19.Nb5 Rd8 20.Qd2 e5 21.Rd5 Ne6 22.Nxd6 Nd4
23.Nxc8 Rxc8 24.e3 Nc6 25.Rd7 Qb4 26.Bd5 Rf8 27.Qxb4 Nxb4 28.Bxb7 Rb6 29.a3
Na6 30.Bxa6 Rxa6 31.b4 axb4 32.axb4 Ra4 33.Rb7 Rfa8 34.Rdd7 1-0

[Event "Campeonato de Aragón por Equipos 2008 "]
[Site "Aragón"]
[Date "2008.03.01"]
[Round "5.20"]
[White "Labena Bernal Antonio"]
[Black "Lana Rodriguez David"]
[Result "0-1"]
[WhiteElo "1994"]
[BlackElo "2177"]

1.e4 d5 2.exd5 Qxd5 3.Nc3 Qa5 4.Bc4 Nf6 5.d3 c6 6.Bd2 Qc7 7.Qe2 Bg4 8.f3 Bf5
9.g4 Bg6 10.f4 h5 11.f5 Bh7 12.g5 Ng4 13.Bxf7+ Kxf7 14.g6+ Ke8 15.gxh7 Qe5 16.
Ne4 Qxb2 17.Bc3 Qa3 18.h3 Nf6 19.Bxf6 exf6 20.Nc5+ Be7 21.Qxh5+ Kd8 22.Ne6+
Kd7 23.Ne2 Bb4+ 24.c3 Bxc3+ 25.Nxc3 Qxc3+ 26.Ke2 Kd6 27.Nxg7 Nd7 28.Qh4 Rae8+
29.Nxe8+ Rxe8+ 30.Kf2 Qb2+ 31.Kg3 Re3+ 0-1

[Event "Campeonato de Aragón por Equipos 2008 "]
[Site "Aragón"]
[Date "2008.03.01"]
[Round "5.21"]
[White "Lorenzini Martin"]
[Black "Valiente JL"]
[Result "1-0"]
[WhiteElo "2448"]
[BlackElo "2134"]

1.e4 g6 2.d4 Bg7 3.Nc3 d6 4.Be3 Nf6 5.Qd2 Ng4 6.Bg5 h6 7.Bh4 c6 8.f4 b5 9.Nf3
Nd7 10.Bd3 Nb6 11.h3 Nf6 12.e5 Nfd5 13.Ne4 Qc7 14.O-O O-O 15.Rae1 a6 16.Ng3
Nc4 17.Qc1 Nb4 18.f5 dxe5 19.dxe5 Nxd3 20.cxd3 Nxe5 21.Nxe5 Bxe5 22.fxg6 Qd6
23.Qxh6 Bd4+ 24.Kh1 Qxg6 25.Qf4 e5 26.Qf6 Be6 27.Nf5 Bxf5 28.Rxf5 Qxf6 29.Bxf6
Kh7 30.Be7 Kg6 31.Ref1 Rfe8 32.Rg5+ Kh6 33.Bf6 Rg8 34.Rgf5 Rae8 35.b3 Re6 36.
g4 c5 37.Kg2 e4 38.Bxd4 cxd4 39.dxe4 Rxe4 40.Rxf7 Rd8 41.R1f6+ Kg5 42.Rxa6 Rd5
43.Kg3 Re3+ 44.Rf3 Rxf3+ 45.Kxf3 d3 46.Kg3 1-0

[Event "Campeonato de Aragón por Equipos 2008 "]
[Site "Aragón"]
[Date "2008.03.01"]
[Round "5.22"]
[White "Larrosa Poves JM"]
[Black "Martinez Asensio Juan"]
[Result "1/2-1/2"]
[WhiteElo "2083"]
[BlackElo "2171"]

1.d4 Nf6 2.c4 c5 3.d5 b5 4.cxb5 a6 5.Nc3 axb5 6.Nxb5 Ba6 7.Nc3 g6 8.e4 Bxf1 9.
Kxf1 d6 10.Nf3 Nbd7 11.h3 Bg7 12.g3 O-O 13.Kg2 Qa5 14.Re1 Rfb8 15.e5 Nxe5 16.
Nxe5 dxe5 17.Rxe5 Rb7 18.Qe2 Qd8 19.Bg5 h6 20.Be3 Ng4 21.hxg4 Bxe5 22.Bxh6
Bxc3 23.bxc3 Qxd5+ 24.Kg1 Rd7 25.c4 Qd3 26.Qe5 Qd4 27.Re1 Rxa2 28.Qb8+ Rd8 29.
Qf4 Qxf4 30.Bxf4 Rc2 31.Rxe7 Rxc4 32.Rc7 Rc2 33.Be3 c4 34.g5 Rd5 35.Kg2 Kf8
36.Kf3 Ke8 37.Ke4 Rb5 38.Kd4 Kd8 39.Rxc4 Rxc4+ 40.Kxc4 Rf5 1/2-1/2

[Event "Campeonato de Aragón por Equipos 2008 "]
[Site "Aragón"]
[Date "2008.03.01"]
[Round "5.23"]
[White "Dominguez Bujeda Jesus"]
[Black "Garcia Estruch Jorge"]
[Result "0-1"]
[WhiteElo "2095"]
[BlackElo "1951"]

1.d4 Nf6 2.c4 e6 3.Nc3 d5 4.cxd5 exd5 5.Bg5 Nbd7 6.e3 c6 7.Bd3 Be7 8.Qc2 O-O
9.Nf3 Re8 10.h3 Ne4 11.Bf4 Ndf6 12.O-O Nxc3 13.bxc3 Bd6 14.Ne5 Qc7 15.Rae1 Be6
16.Bg5 Ne4 17.Bf4 f6 18.Nf3 Bxf4 19.exf4 Qxf4 20.Bxe4 dxe4 21.Rxe4 Qd6 22.Rfe1
Qd7 23.Nd2 Bd5 24.Rxe8+ Rxe8 25.Rxe8+ Qxe8 26.c4 Qe1+ 27.Kh2 Be6 28.Ne4 Qa5
29.Nc5 Qc7+ 30.Kg1 Bf7 31.Qe4 b6 32.Nd3 Qd7 33.Nb2 Bg6 34.Qf4 Qe7 35.Kh2 h6
36.d5 cxd5 37.cxd5 Qe5 38.Qxe5 fxe5 39.Nc4 Bf7 40.d6 Kf8 41.Nxe5 Bxa2 42.Kg3
Ke8 43.Kf4 Be6 44.Ke3 a5 45.Kd4 a4 46.Kc3 Bd5 47.g3 a3 48.h4 b5 49.Kc2 b4 0-1

[Event "Campeonato de Aragón por Equipos 2008 "]
[Site "Aragón"]
[Date "2008.03.01"]
[Round "5.24"]
[White "Martin Fernando"]
[Black "Gomez Calomarde Saul"]
[Result "0-1"]
[WhiteElo "1882"]
[BlackElo "1932"]

1.Nf3 Nf6 2.d4 c5 3.c3 g6 4.Bf4 Bg7 5.e3 b6 6.Bd3 d6 7.e4 Bb7 8.d5 Nbd7 9.Nbd2
a6 10.a4 Rc8 11.Bc4 O-O 12.O-O Nh5 13.Bg5 Ndf6 14.h3 h6 15.Be3 Ne8 16.Nh2 Nc7
17.Ng4 Kh7 18.f4 e6 19.f5 exd5 20.fxg6+ fxg6 21.exd5 Nxd5 22.Bxd5 Bxd5 23.Re1
Qd7 24.Nf1 Qc6 25.Qd2 g5 26.Rad1 Bb3 27.Ra1 d5 28.a5 b5 29.Qd3+ Qg6 30.Qxg6+
Kxg6 31.Bf2 d4 32.cxd4 cxd4 33.Re6+ Bxe6 0-1

[Event "Campeonato de Aragón por Equipos 2008 "]
[Site "Aragón"]
[Date "2008.03.01"]
[Round "5.25"]
[White "Cebrian Valverde Jose Antonio"]
[Black "Lopez Guaita Fernando"]
[Result "1/2-1/2"]
[WhiteElo "2206"]
[BlackElo "2065"]

1.d4 Nf6 2.c4 d6 3.Nf3 g6 4.Nc3 Bg7 5.e4 O-O 6.Be2 c5 7.O-O Nc6 8.d5 Nb8 9.h3
a6 10.Bf4 Nbd7 11.Ne1 Rb8 12.a4 b6 13.Nd3 Ne8 14.Qd2 Ne5 15.Ne1 Nc7 16.Bh6 f5
17.Bxg7 Kxg7 18.f4 Nf7 19.Nf3 fxe4 20.Nxe4 b5 21.axb5 axb5 22.b3 bxc4 23.bxc4
Bf5 24.Nf2 Bc8 25.g4 e6 26.Ne4 exd5 27.Qc3+ d4 28.Nxd4 cxd4 29.Qxd4+ Ne5 30.
fxe5 Ne6 31.Qxd6 Qxd6 32.Nxd6 Nf4 33.Ra7+ Kg8 34.Bf3 Be6 35.Re7 Nxh3+ 36.Kh2
Ng5 37.Bg2 Rxf1 38.Bxf1 Bxg4 39.c5 Kf8 40.Ra7 Nf3+ 41.Kg3 Nxe5 42.Kf4 Nc6 43.
Rf7+ Kg8 44.Rc7 Rb4+ 45.Bc4+ Be6 46.Kg5 Bxc4 47.Rxc6 Be6 48.Kf6 Bh3 49.Rb6
Rxb6 50.cxb6 Bg2 51.b7 Bxb7 52.Nxb7 1/2-1/2

[Event "Campeonato de Aragón por Equipos 2008 "]
[Site "Aragón"]
[Date "2008.03.01"]
[Round "5.26"]
[White "Bayod Rubia Angel"]
[Black "Gimeno Oteo Marco Antonio"]
[Result "1/2-1/2"]
[WhiteElo "2042"]
[BlackElo "2162"]

1.Nf3 Nf6 2.g3 g6 3.Bg2 Bg7 4.O-O O-O 5.d4 d6 6.Re1 c5 7.e4 cxd4 8.Nxd4 e5 9.
Nb3 Be6 10.Nc3 Nc6 11.Be3 Ne7 12.Qe2 Qb8 13.Rad1 Rd8 14.Rd2 Qc8 15.Qd1 Ng4 16.
Rxd6 Nxe3 17.Rxe3 Rxd6 18.Qxd6 Nc6 19.Qd1 Bh6 20.Re1 Qd8 21.Nd5 b6 22.c3 Rc8
23.Qf3 Bg7 24.Rd1 h5 25.Qe2 h4 26.Nf4 Qe7 27.Nxe6 Qxe6 28.gxh4 Bh6 29.Qf3 Rd8
30.Rd5 Bf4 31.h5 Kg7 32.hxg6 Qxg6 33.h3 a5 34.Qd1 Qg5 35.Rxd8 Nxd8 36.Na1 Ne6
37.Nc2 Qe7 38.Ne3 Bxe3 39.fxe3 Qc5 40.Qg4+ Kf8 41.Qg3 Qc4 42.a3 Qe2 43.Qf2
Qd1+ 44.Kh2 Nc5 45.Bf3 Qd7 46.b4 Na4 47.bxa5 bxa5 48.c4 Qc6 49.Qd2 Qc5 50.Qd8+
Kg7 51.Qg5+ Kf8 52.Bh5 Qxc4 53.Qd8+ Kg7 54.Qd5 Qc2+ 55.Kg3 Qc7 1/2-1/2

[Event "Campeonato de Aragón por Equipos 2008 "]
[Site "Aragón"]
[Date "2008.03.01"]
[Round "5.27"]
[White "Gutierrez Minguenza Ruben"]
[Black "Bailo Remacha Santiago"]
[Result "1-0"]
[WhiteElo "2092"]
[BlackElo "2017"]

1.d4 g6 2.c4 Bg7 3.Nf3 b6 4.Nc3 Bb7 5.e4 c5 6.d5 d6 7.Bd3 Nd7 8.O-O Ngf6 9.h3
O-O 10.Bf4 h6 11.Qd2 Kh7 12.Rfe1 Ne8 13.e5 dxe5 14.Nxe5 Nc7 15.h4 Nxe5 16.Bxe5
Bxe5 17.Rxe5 e6 18.Rh5 Kg7 19.Qxh6+ Kf6 20.Re1 Ke7 21.Bxg6 fxg6 22.Qxg6 Qe8
23.Rh7+ Kd8 24.Qg7 Rc8 25.d6 Nb5 26.Qg5+ 1-0

[Event "Campeonato de Aragón por Equipos 2008 "]
[Site "Aragón"]
[Date "2008.03.01"]
[Round "5.28"]
[White "De la Riva Fernandez Eduardo"]
[Black "Palomar Ramon Santiago"]
[Result "0-1"]
[WhiteElo "1990"]
[BlackElo "2010"]

1.e4 e5 2.Nc3 Nf6 3.f4 d5 4.fxe5 Nxe4 5.d3 Nxc3 6.bxc3 d4 7.Nf3 Nc6 8.cxd4
Bb4+ 9.Bd2 Bxd2+ 10.Qxd2 Nxd4 11.c3 Nxf3+ 12.gxf3 Qd5 13.Qe3 Bf5 14.d4 O-O-O
15.Rg1 g6 16.Rg2 Rhe8 17.Rb2 c6 18.Rd1 f6 19.f4 Qe4 20.Qxe4 Bxe4 21.Kf2 fxe5
22.Re1 exd4 23.cxd4 Bf5 24.Rxe8 Rxe8 25.Bg2 Re7 26.h4 Kc7 27.a3 Kd6 28.Bf3 Be4
29.Bxe4 Rxe4 30.Kf3 Re7 31.h5 Kd5 32.hxg6 hxg6 33.Rg2 Re6 34.a4 Kxd4 35.Rd2+
Kc5 36.Rd7 Kb6 37.Kg4 c5 38.Kg5 Rc6 39.f5 gxf5 40.Kxf5 c4 41.Ke4 c3 42.Rd1 Ka5
43.Rc1 a6 44.Kd3 Kxa4 45.Kc2 b5 46.Rb1 b4 0-1

[Event "Campeonato de Aragón por Equipos 2008 "]
[Site "Aragón"]
[Date "2008.03.01"]
[Round "5.29"]
[White "Luis Vitalla Fernando"]
[Black "Horton Justin"]
[Result "0-1"]
[WhiteElo "2199"]
[BlackElo "2147"]

1.d4 d5 2.c4 c6 3.Nf3 Nf6 4.Nc3 dxc4 5.a4 Bf5 6.e3 e6 7.Bxc4 Bb4 8.O-O Nbd7 9.
Qe2 O-O 10.e4 Bg6 11.Bd3 Bh5 12.Bf4 Qe7 13.e5 Nd5 14.Nxd5 cxd5 15.Qe3 Rfc8 16.
Bg5 Qe8 17.Nd2 Bg6 18.a5 Bxd3 19.Qxd3 Nf8 20.Qb3 Bxd2 21.Bxd2 Qc6 22.Rac1 Qa6
23.Rc3 Rc4 24.Rxc4 dxc4 25.Qb4 b5 26.axb6 axb6 27.Rc1 b5 28.g3 Qc6 29.b3 Rc8
30.bxc4 bxc4 31.Bg5 Nd7 32.Be7 Qd5 33.Bc5 Nxc5 34.Rxc4 Ra8 0-1

[Event "Campeonato de Aragón por Equipos 2008 "]
[Site "Aragón"]
[Date "2008.03.01"]
[Round "5.30"]
[White "Abos Rosico Antonio"]
[Black "Salamero Pelay Fernando"]
[Result "0-1"]
[WhiteElo "2043"]
[BlackElo "2154"]

1.c4 e6 2.Nc3 f5 3.d4 b6 4.Nf3 Bb7 5.g3 Bb4 6.Bg2 Nf6 7.O-O O-O 8.h4 Ne4 9.
Nxe4 Bxe4 10.c5 bxc5 11.a3 Ba5 12.Bg5 Qc8 13.dxc5 c6 14.Be7 Re8 15.Bd6 Na6 16.
b4 Bd8 17.Qd4 Bf6 18.Be5 Rf8 19.Rfd1 Bd5 20.Qf4 Bxe5 21.Qxe5 Nc7 22.Nd4 Bxg2
23.Kxg2 Nd5 24.Rac1 a6 25.Rd3 Qc7 26.Qxc7 Nxc7 27.Nf3 Nd5 28.Ne5 Ra7 29.Nc4
Rb8 30.Rcd1 Kf7 31.f3 Ke7 32.e4 fxe4 33.fxe4 Nf6 34.Ne5 Rbb7 35.Kf3 h5 36.Kf4
a5 37.bxa5 Rb2 38.Re3 Rc2 39.Ng6+ Kf7 40.Ne5+ Ke8 41.Rb1 Rxc5 42.Rb8+ Ke7 43.
Rg8 Rxe5 44.Rxg7+ Kf8 45.Rg6 Kf7 46.Rg5 Rxg5 47.hxg5 Ng4 48.Rd3 d5 49.Rc3 Rxa5
50.Rxc6 Ra4 51.g6+ Kf6 52.Kf3 Ne5+ 0-1

[Event "Campeonato de Aragón por Equipos 2008 "]
[Site "Aragón"]
[Date "2008.03.01"]
[Round "5.31"]
[White "Laplaza Ara Carlos"]
[Black "Gonzalez Gambau Jorge"]
[Result "1/2-1/2"]
[WhiteElo "2008"]
[BlackElo "2039"]

1.d4 d6 2.Nf3 Bg4 3.e3 Nd7 4.Be2 Ngf6 5.c4 e5 6.dxe5 dxe5 7.O-O Be7 8.Nc3 c6
9.Qc2 O-O 10.e4 Qc7 11.a3 a5 12.Be3 Bc5 13.Bxc5 Nxc5 14.b4 axb4 15.axb4 Ne6
16.Qb2 Rxa1 17.Rxa1 Nd4 18.Bd1 Bxf3 19.Bxf3 Nxf3+ 20.gxf3 Nh5 21.Ne2 Qe7 22.
Ra5 Qg5+ 23.Kh1 Rd8 24.Qa1 f6 25.Ra8 Qd2 26.Rxd8+ Qxd8 27.Qa2 h6 28.c5+ Kh7
29.Qf7 Qd1+ 30.Kg2 Qxe2 31.Qxh5 Qb5 1/2-1/2

[Event "Campeonato de Aragón por Equipos 2008 "]
[Site "Aragón"]
[Date "2008.03.01"]
[Round "5.32"]
[White "Perez Puyal Jose J"]
[Black "Gella Bitrian Diego"]
[Result "0-1"]
[WhiteElo "1888"]
[BlackElo "1844"]

1.e4 c5 2.Nc3 d6 3.g3 Nf6 4.d3 g6 5.Bg2 Bg7 6.Nf3 Nc6 7.Be3 O-O 8.Qc1 e5 9.Bg5
Be6 10.O-O Qd7 11.Nh4 Nd4 12.Kh1 Ne8 13.Nd5 f6 14.Be3 Nc7 15.c3 Nc6 16.f4 Bxd5
17.exd5 Ne7 18.c4 Rab8 19.fxe5 fxe5 20.Qd2 b5 21.Bh6 Bxh6 22.Qxh6 Nf5 23.Nxf5
Rxf5 24.Bh3 Rxf1+ 25.Rxf1 Qe7 26.b3 bxc4 27.dxc4 Re8 28.Bg4 Rf8 29.Qh3 Kg7 30.
Rxf8 Qxf8 31.Kg1 Qe7 32.Be2 Ne8 33.Kg2 Nf6 34.Qh4 Qd7 35.g4 h6 36.g5 hxg5 37.
Qxg5 Qf5 38.Qg3 Ne4 39.Qe3 Qg5+ 40.Qxg5 Nxg5 41.Bd3 Kf6 42.Kg3 e4 43.Be2 Kf5
44.Kf2 Kf4 45.h4 Nf7 46.Bd1 a5 47.Bc2 Ne5 48.Ke2 Nf3 49.a3 Nd4+ 50.Kd1 Nxc2
51.Kxc2 e3 52.Kd1 Kf3 53.Ke1 e2 54.b4 axb4 0-1

[Event "Campeonato de Aragón por Equipos 2008 "]
[Site "Aragón"]
[Date "2008.03.01"]
[Round "5.33"]
[White "Romon Poves Raul"]
[Black "Cantin Zaborras Valentin"]
[Result "0-1"]
[WhiteElo "2207"]
[BlackElo "2141"]

1.e4 c5 2.Nf3 d6 3.d4 cxd4 4.Nxd4 Nf6 5.Nc3 g6 6.Be3 Bg7 7.f3 O-O 8.Qd2 Nc6 9.
O-O-O d5 10.exd5 Nxd5 11.Nxc6 bxc6 12.Bd4 Nxc3 13.Qxc3 Bh6+ 14.Be3 Bxe3+ 15.
Qxe3 Qb6 16.Qxe7 Be6 17.Qa3 a5 18.Bd3 Qb4 19.Be4 Rfc8 20.Rd6 Ra6 21.Rhd1 Qxa3
22.bxa3 Kf8 23.Rxe6 fxe6 24.Rd7 Kg8 25.h4 Rf8 26.h5 Rf7 27.Rd8+ Kg7 28.hxg6
hxg6 29.Rd6 Kf6 30.c4 Ke5 31.c5 g5 32.Kc2 g4 33.Kc3 g3 34.Bd3 Rxf3 35.Kd2 Rf2+
36.Ke3 Ra7 37.Bc4 Rxg2 38.Rxe6+ Kf5 39.Rxc6 Rg7 40.Rd6 Rh2 41.Rd1 g2 42.Rg1
Rh1 43.Kf2 Rxg1 44.Kxg1 Ke4 45.c6 Kd4 46.Be6 Kc5 47.Bd7 Kd6 48.Be8 Rg3 49.a4
Kc7 50.Bd7 Rg8 51.Be6 Rg7 52.Bd5 Rg4 53.Bxg2 Rxa4 54.Bd5 Rd4 55.Bb3 Kxc6 56.
Kf2 Kc5 57.Ke3 Rd8 58.Bf7 Kb4 59.Bb3 Kc3 60.Bf7 a4 61.Ke2 a3 62.Ke1 Kc2 63.
Bg6+ Kc1 64.Bf7 Rf8 65.Bb3 Re8+ 66.Kf2 Kd2 67.Bc4 Rf8+ 68.Kg3 Ke3 69.Bd5 Rf5
70.Bb3 Rg5+ 71.Kh4 Kf4 72.Bc4 Rc5 73.Bb3 Rc8 74.Kh5 Rc3 75.Be6 Rg3 76.Kh4 Rg6
77.Bf7 Rh6+ 78.Bh5 Rh8 0-1

[Event "Campeonato de Aragón por Equipos 2008 "]
[Site "Aragón"]
[Date "2008.03.01"]
[Round "5.34"]
[White "Valiente Roy Jose Javier"]
[Black "Vera Jimenez Andres"]
[Result "1-0"]
[WhiteElo "2109"]
[BlackElo "2035"]

1.d4 Nf6 2.c4 c5 3.d5 d6 4.Nc3 g6 5.Nf3 Bg7 6.h3 O-O 7.e4 a6 8.a4 e6 9.Be2
exd5 10.cxd5 Re8 11.Nd2 Nbd7 12.O-O Qe7 13.Re1 Qf8 14.Qc2 h6 15.Nc4 Nh7 16.Bf4
Ne5 17.Nb6 Rb8 18.a5 f5 19.Nxc8 Rbxc8 20.exf5 Qxf5 21.Qxf5 gxf5 22.Na4 Nf6 23.
Nb6 Rcd8 24.Bxe5 Rxe5 25.Bd3 Rde8 26.Rxe5 Rxe5 27.f4 Re3 28.Bxf5 Nh5 29.Nc4
Re2 30.Bg4 Bd4+ 31.Kh2 Nxf4 32.Bxe2 Nxe2 33.Re1 Nf4 34.Re8+ Kg7 35.Re7+ Kf6
36.Rxb7 Nxd5 37.Rb6 Nxb6 38.axb6 d5 39.Na5 Bxb2 40.Nc6 1-0

[Event "Campeonato de Aragón por Equipos 2008 "]
[Site "Aragón"]
[Date "2008.03.01"]
[Round "5.35"]
[White "Sierra Aguerri Joaquin"]
[Black "Martin Barbero Roberto"]
[Result "1-0"]
[WhiteElo "2010"]
[BlackElo "1963"]

1.e4 g6 2.d4 Bg7 3.c4 d6 4.Nc3 Nf6 5.Bd3 O-O 6.Nge2 e5 7.d5 Nbd7 8.O-O Nc5 9.
Bc2 a5 10.Ng3 Bd7 11.h3 Qc8 12.f4 Ne8 13.f5 Nf6 14.Bg5 h6 15.Be3 b6 16.h4 Kh7
17.Qe2 Qd8 18.b3 Ng8 19.fxg6+ fxg6 20.Rxf8 Qxf8 21.h5 g5 22.Nf5 Bxf5 23.Rf1
Nf6 24.Rxf5 Qe7 25.g4 Rf8 26.Kg2 Kh8 27.Kg3 Nh7 28.Qf3 Bf6 29.Qf1 Kg7 30.Nd1
Qd7 31.Bd2 Be7 32.Ne3 Nf6 33.Qg2 Ng8 34.Rxf8 Bxf8 35.Nf5+ Kh7 36.Qf3 Qf7 37.
Be3 Ne7 38.Bxc5 Nxf5+ 39.exf5 bxc5 40.f6+ Kh8 41.Qf5 Be7 42.fxe7 Qxe7 43.Qc8+
Kg7 44.Bf5 Kf6 45.Qe6+ Qxe6 46.Bxe6 c6 47.Kf3 1-0

[Event "Campeonato de Aragón por Equipos 2008 "]
[Site "Aragón"]
[Date "2008.03.01"]
[Round "5.36"]
[White "Navarro Castan Jesus"]
[Black "Ruiz Gutierrez Manuel"]
[Result "0-1"]
[WhiteElo "1888"]
[BlackElo "1899"]

1.e4 c5 2.Nf3 e6 3.d4 cxd4 4.Nxd4 Nf6 5.Nc3 a6 6.e5 Ng8 7.Bd3 Qc7 8.f4 Bb4 9.
Bd2 Ne7 10.Ne4 Bxd2+ 11.Qxd2 O-O 12.O-O-O b5 13.Nd6 Bb7 14.Qf2 Bd5 15.Kb1 Nbc6
16.Nf3 f5 17.Rhg1 Qa5 18.c4 bxc4 19.Bxc4 Rab8 20.Qd2 Qa4 21.Bxd5 Nxd5 22.g3
Qa3 23.Nc4 Qxf3 24.Rgf1 Qe4+ 25.Qc2 Nc3+ 0-1

[Event "Campeonato de Aragón por Equipos 2008 "]
[Site "Aragón"]
[Date "2008.03.01"]
[Round "5.37"]
[White "Malo Guillen Jose Luis"]
[Black "Laliena Solares Luis"]
[Result "0-1"]
[WhiteElo "2198"]
[BlackElo "2201"]

1.Nf3 d5 2.g3 Nf6 3.Bg2 e6 4.O-O c5 5.d3 Nc6 6.Nbd2 d4 7.Nc4 Bd6 8.Bg5 e5 9.
Nfd2 Bf5 10.f4 exf4 11.Nxd6+ Qxd6 12.Nc4 Qe6 13.Bxf4 Rd8 14.e4 Bg4 15.Bf3 Bh3
16.e5 Nd5 17.Nd6+ Rxd6 18.exd6 Bxf1 19.Qxf1 Ne3 20.Qf2 Kd7 21.Be4 f5 22.Bf3 h6
23.Re1 Re8 24.h4 Nd8 25.Bxe3 dxe3 26.Qg2 Nc6 27.Bxc6+ bxc6 28.Qf3 g5 29.Re2
gxh4 30.gxh4 Rg8+ 31.Kh1 Re8 32.Qf4 Qd5+ 33.Kh2 Qxd6 34.Qxd6+ Kxd6 35.Kg3 Kd5
36.c3 c4 37.dxc4+ Ke4 38.Re1 Rg8+ 0-1

[Event "Campeonato de Aragón por Equipos 2008 "]
[Site "Aragón"]
[Date "2008.03.01"]
[Round "5.38"]
[White "Cobo Garrido Diego Israel"]
[Black "Alonso Blasco Jose Miguel"]
[Result "0-1"]
[WhiteElo "1989"]
[BlackElo "2075"]

1.e4 c6 2.d4 d5 3.Nc3 dxe4 4.Nxe4 Nf6 5.Nxf6+ gxf6 6.Ne2 Bg4 7.c3 Nd7 8.Qb3
Qb6 9.Qxb6 Nxb6 10.f4 h5 11.Bd2 O-O-O 12.O-O-O Nc4 13.h3 Be6 14.Kb1 Bh6 15.Bc1
c5 16.g3 Bf5+ 17.Ka1 Be4 18.Rh2 Na5 19.Re1 c4 20.Ng1 f5 21.Bg2 Bd3 22.Bf3 Nb3+
23.axb3 Rd6 0-1

[Event "Campeonato de Aragón por Equipos 2008 "]
[Site "Aragón"]
[Date "2008.03.01"]
[Round "5.39"]
[White "Mombiela de Sus Jose Luis"]
[Black "Sanz Lopez R"]
[Result "1-0"]
[WhiteElo "2068"]
[BlackElo "1921"]

1.f4 c5 2.Nf3 Nc6 3.e3 g6 4.d4 cxd4 5.exd4 d5 6.Bd3 Bg4 7.c3 Bxf3 8.Qxf3 e6 9.
O-O Bg7 10.Nd2 Nge7 11.Qf2 O-O 12.Nf3 a6 13.Bd2 b5 14.a3 Qb6 15.Ne5 Ra7 16.
Rae1 a5 17.b4 axb4 18.axb4 Rfa8 19.Bc1 Nc8 20.Kh1 Nd6 21.g4 Ne7 22.f5 exf5 23.
Qh4 f6 24.Nf3 fxg4 25.Qxg4 f5 26.Qh4 Ne4 27.Ng5 h6 28.Nf3 g5 29.Qh5 Rc8 30.Ne5
Bxe5 31.dxe5 Ra2 32.Be3 Qe6 33.Rg1 Rxc3 34.Bxe4 dxe4 35.Bxg5 Kh7 36.Bf6 1-0

[Event "Campeonato de Aragón por Equipos 2008 "]
[Site "Aragón"]
[Date "2008.03.01"]
[Round "5.40"]
[White "Gayan Miguel Angel"]
[Black "Artal Alegria Francisco Javier"]
[Result "1/2-1/2"]
[WhiteElo "1910"]
[BlackElo "1943"]

1.d4 Nf6 2.Nf3 g6 3.c4 c5 4.Nc3 cxd4 5.Nxd4 Bg7 6.e3 O-O 7.Be2 Nc6 8.O-O Nxd4
9.exd4 d5 10.Nxd5 Nxd5 11.cxd5 Qxd5 12.Be3 Bf5 13.Qa4 Be4 14.Bc4 Qd6 15.Rfd1
a6 16.Qb3 b5 17.Bd3 Bd5 18.Qc2 Rac8 19.Qd2 Rfd8 20.b3 Qb6 21.Be2 Rd7 22.Rac1
Rdc7 23.Rc5 e6 24.Rdc1 Bf8 25.Rxc7 Rxc7 26.Rxc7 Qxc7 27.Qc1 Qxc1+ 28.Bxc1 Be4
29.a3 Bg7 30.Be3 Bd5 31.a4 Bc6 32.axb5 axb5 33.f3 Kf8 34.Kf2 Ke7 35.Bd3 Kd6
36.Bf4+ e5 37.Bxe5+ Bxe5 38.dxe5+ Kxe5 39.Ke3 f5 40.f4+ Kd5 41.b4 Be8 42.Be2
Bd7 43.Kd3 Be6 44.Bf3+ Kd6 45.Kd4 Bc4 46.g3 Be6 47.Be2 Bd7 48.Bd1 Be6 49.Bf3
Bc4 50.Bg2 Be6 51.Bf3 Bc4 52.Bd1 Be6 53.Kc3 Bd5 54.Kd4 Be6 1/2-1/2

[Event "Campeonato de Aragón por Equipos 2008 "]
[Site "Aragón"]
[Date "2008.03.01"]
[Round "5.41"]
[White "Ramiro Ovejero Juan Luis"]
[Black "Sarto Ramos Angel"]
[Result "1-0"]
[WhiteElo "2330"]
[BlackElo "2058"]

1.e4 d6 2.d4 e5 3.Nf3 Nc6 4.Bb5 exd4 5.Nxd4 Bd7 6.Nc3 Nxd4 7.Bxd7+ Qxd7 8.Qxd4
Nf6 9.Bg5 Be7 10.O-O-O O-O 11.e5 Ne8 12.Bxe7 Qxe7 13.Rhe1 Qg5+ 14.f4 dxe5 15.
Rxe5 Qh6 16.g4 c6 17.g5 Qxh2 18.Re2 Qh4 19.Qe4 Qg4 20.Rh2 g6 21.Rdh1 Ng7 22.
Rxh7 Nh5 23.Rh6 Rae8 24.Qd4 f6 25.Rxg6+ Kf7 26.Rxf6+ Kg8 27.Rg6+ Kf7 28.Rd6
Qxf4+ 29.Qxf4+ Nxf4 30.Rh7+ Kg8 31.Rxb7 Rf5 32.Rf6 Ree5 33.Rxa7 Ne6 34.Ne4
Nxg5 35.Rxf5 Rxf5 36.Nxg5 Rxg5 37.Rc7 Rc5 38.Kd2 Kf8 39.b4 Rb5 40.Kc3 Ke8 41.
Rxc6 1-0

[Event "Campeonato de Aragón por Equipos 2008 "]
[Site "Aragón"]
[Date "2008.03.01"]
[Round "5.42"]
[White "Hernandez  Gabriel"]
[Black "Gil Capape MA"]
[Result "0-1"]
[WhiteElo "2041"]
[BlackElo "2185"]

1.Nf3 d5 2.c4 c6 3.e3 g6 4.Nc3 Bg7 5.d4 Nf6 6.Ne5 O-O 7.Be2 Nbd7 8.f4 dxc4 9.
Bxc4 Nxe5 10.fxe5 Nd5 11.O-O Be6 12.Qe2 b5 13.Nxd5 Bxd5 14.Bd3 a6 15.Bd2 c5
16.b4 cxd4 17.exd4 Bc4 18.Be3 Bxd3 19.Qxd3 Bxe5 20.Rad1 Bg7 21.d5 Rc8 22.Bc5
Be5 23.Rf3 Qc7 24.Rh3 Rfe8 25.Qe4 h5 26.g4 Qd7 27.Qxe5 Qxg4+ 28.Rg3 Qxd1+ 29.
Kg2 Qc2+ 30.Bf2 h4 31.Rf3 Qxa2 32.Kh3 Rc2 33.Rxf7 Kxf7 34.Qe6+ Kf8 35.Bxh4
Rxh2+ 36.Kg4 Qc4+ 0-1

[Event "Campeonato de Aragón por Equipos 2008 "]
[Site "Aragón"]
[Date "2008.03.01"]
[Round "5.43"]
[White "Alonso Fernandez Revuelta Rodri"]
[Black "Machin Eduardo"]
[Result "1-0"]
[WhiteElo "2138"]
[BlackElo "1925"]

1.e4 e5 2.Nf3 Nc6 3.Bb5 a6 4.Bxc6 dxc6 5.O-O Bg4 6.h3 h5 7.d3 Qf6 8.Nbd2 g5 9.
Re1 Bxf3 10.Qxf3 Qxf3 11.Nxf3 f6 12.Be3 O-O-O 13.Rad1 Nh6 14.d4 g4 15.Nh4 gxh3
16.gxh3 Nf7 17.dxe5 Nxe5 18.Rxd8+ Kxd8 19.f4 Nd7 20.Rd1 Rg8+ 21.Kf2 Ke8 22.Kf3
Bc5 23.Rxd7 Bxe3 24.Rxc7 Bc1 25.Rc8+ Kf7 26.Rxg8 Kxg8 27.b3 Bd2 28.Nf5 Bb4 29.
Ng3 h4 30.Nf5 Be1 31.Ke2 1-0

[Event "Campeonato de Aragón por Equipos 2008 "]
[Site "Aragón"]
[Date "2008.03.01"]
[Round "5.44"]
[White "Requena Munguira Jorge"]
[Black "Galvez Perez Jose Luis"]
[Result "1/2-1/2"]
[WhiteElo "1884"]
[BlackElo "2120"]

1.d4 d6 2.Nf3 Nf6 3.c4 g6 4.Nc3 Bg7 5.e4 O-O 6.Bd3 Na6 7.a3 e5 8.d5 Nc5 9.b4
Nxd3+ 10.Qxd3 h6 11.O-O Nh5 12.c5 f5 13.Bd2 f4 14.Rfc1 g5 15.Ne1 g4 16.g3 a5
17.cxd6 cxd6 18.Nb5 b6 19.bxa5 bxa5 20.a4 Ba6 21.Rc6 Rf7 22.Rac1 Qf6 23.Qe2
Bxb5 24.axb5 a4 25.Qxg4 fxg3 26.f3 gxh2+ 27.Kxh2 Nf4 28.Bxf4 exf4 29.Rc8+ Rxc8
30.Rxc8+ Kh7 31.Qf5+ Qxf5 32.exf5 Rb7 33.Rc6 Rxb5 34.Rxd6 a3 35.Ra6 Rb2+ 36.
Kh3 a2 37.d6 Rd2 38.Nc2 Rxc2 39.d7 Rd2 40.d8=Q Rxd8 41.Rxa2 Bf6 42.Ra7+ Kg8
43.Kg4 Bg5 44.Kh5 Rd6 45.Rb7 Rf6 46.Kg4 Rf7 47.Rb6 Kf8 48.Re6 Rf6 49.Rxf6+
1/2-1/2

[Event "Campeonato de Aragón por Equipos 2008 "]
[Site "Aragón"]
[Date "2008.03.01"]
[Round "5.45"]
[White "Campos Hernandez Antonio"]
[Black "Solano Lasierra Javier"]
[Result "1-0"]
[WhiteElo "2228"]
[BlackElo "2146"]

1.c4 Nf6 2.Nc3 e6 3.e4 d5 4.e5 d4 5.exf6 dxc3 6.bxc3 Qxf6 7.d4 Nd7 8.Nf3 h6 9.
Bd3 c5 10.O-O Bd6 11.Qe2 Qe7 12.Ne5 Nf6 13.f4 Bd7 14.Bd2 Bc6 15.Rae1 Bxe5 16.
fxe5 Nd7 17.d5 Ba4 18.d6 Qf8 19.Bg6 fxg6 20.Rxf8+ Nxf8 21.Qf2 Nd7 22.Qg3 Nf8
23.Rf1 O-O-O 24.Rf7 Rg8 25.Be3 Nd7 26.Qxg6 Nxe5 27.Qxe6+ Nd7 28.Bxc5 Kb8 29.
Bd4 Rge8 30.Rxd7 1-0

[Event "Campeonato de Aragón por Equipos 2008 "]
[Site "Aragón"]
[Date "2008.03.01"]
[Round "5.46"]
[White "Felez Casedas Carlos"]
[Black "Juberias Santiago"]
[Result "1-0"]
[WhiteElo "1983"]
[BlackElo "2145"]

1.e4 e5 2.Nf3 Nf6 3.Nc3 Nc6 4.d4 exd4 5.Nxd4 d6 6.Bb5 Bd7 7.Nxc6 bxc6 8.Ba4
Be7 9.O-O O-O 10.Re1 h6 11.Bf4 Qb8 12.Bb3 Bg4 13.f3 Bh5 14.Ne2 Nd7 15.Be3 Bf6
16.Nf4 Qb5 17.g4 Bh4 18.Nxh5 Bxe1 19.Qxe1 Ne5 20.Qf1 a5 21.a4 Qb4 22.Nf4 Rab8
23.Nd3 Nxd3 24.Qxd3 c5 25.Bd2 Qb6 26.Kg2 c6 27.Bc3 Qc7 28.Qd2 Ra8 29.Rd1 Rfd8
30.Qf4 Qe7 31.Qd2 Qc7 32.g5 Kh7 33.Qf4 h5 34.Bxf7 Qe7 35.g6+ 1-0